[Event "VII Alameda de Osuna"]
[Site "Madrid ESP"]
[Date "2001.04.26"]
[Round "8"]
[White "Perez Cameselle,F"]
[Black "Barahona Torrijos,A"]
[Result "0-1"]
[WhiteElo "2017"]
[BlackElo "2047"]

1.Nf3 d5 2.g3 c5 3.d3 Nc6 4.Nbd2 g6 5.Bg2 Bg7 6.O-O Nf6 7.e4 Bg4 8.h3 dxe4
9.dxe4 Bxf3 10.Bxf3 Ne5 11.Bg2 Qd4 12.Qe2 c4 13.Nf3 Nxf3+ 14.Bxf3 e5 15.Be3 Qd7
16.Bg2 Qc6 17.Bd2 O-O 18.Bc3 Qc5 19.Rad1 b5 20.Qd2 Rfe8 21.Qd6 Qxd6 22.Rxd6 a5
23.Rfd1 b4 24.Be1 Reb8 25.f3 Ne8 26.Rc6 Rc8 27.Rxc8 Rxc8 28.c3 Rb8 29.Bf1 Bf8
30.Bxc4 Bc5+ 31.Bf2 bxc3 32.bxc3 Nd6 33.Bb3 Ba3 34.Rd5 Rb5 35.c4 Rxd5 36.exd5 Nb7
37.Be1 Kf8 38.Ba4 Nc5 39.Bb5 Bb4 40.Bxb4 axb4 41.Kf2 Ke7 42.h4 Kd6 43.g4 Nd3+
44.Ke3 Nc1 45.Kd2 Nxa2 46.Kc2 Nc3 47.Be8 f5 48.g5 f4 49.Bxg6 hxg6 50.h5 e4
51.hxg6 exf3 52.g7 f2 53.g8=Q f1=Q 54.Qf8+ Ke5 55.Qf6+ Ke4 56.Qg6+ Ke3 57.Qe6+ Kf3  0-1

[Event "2nd ch-EUR Women"]
[Site "Warsaw POL"]
[Date "2001.04.27"]
[Round "6"]
[White "Bogza,A"]
[Black "Zaiatz,E"]
[Result "1-0"]
[WhiteElo "2252"]
[BlackElo "2376"]

1.Nf3 d5 2.g3 g6 3.Bg2 Bg7 4.d4 e6 5.O-O Ne7 6.b3 Nf5 7.c3 O-O 8.Qc2 Nd6
9.Ba3 Re8 10.e3 Nd7 11.Rd1 f5 12.Nbd2 Nf7 13.Bb2 b6 14.a4 a5 15.b4 c6 16.bxa5 Rxa5
17.c4 Ra7 18.Bf1 Ba6 19.cxd5 cxd5 20.Bxa6 Rxa6 21.Rdc1 Qa8 22.Qb3 Ra7 23.Nb1 Nd6
24.Nc3 Rc8 25.Nb5 Nxb5 26.axb5 Rxc1+ 27.Rxc1 Bf6 28.Rc6 Kf7 29.Qc2 Qb7 30.h4 h6
31.Ne1 Nb8 32.Rc8 Be7 33.Nd3 Bd6 34.Ne5+ Kg7 35.Re8 Kf6 36.h5 gxh5 37.Qe2 Kg7
38.Qxh5 Nd7 39.Rh8  1-0

[Event "Bank Pocztowy Open A"]
[Site "Bydgoszcz POL"]
[Date "2001.04.28"]
[Round "2"]
[White "Markowski,T"]
[Black "Poluljahov,A"]
[Result "1/2-1/2"]
[WhiteElo "2592"]
[BlackElo "2502"]

1.g3 d5 2.Nf3 Nf6 3.Bg2 e6 4.O-O Be7 5.d4 O-O 6.c4 c6 7.Qc2 b6 8.b3 Nbd7
9.Bb2 Bb7 10.Nc3 Qc7 11.Rfd1 Rac8 12.e4 Nxe4 13.Nxe4 dxe4 14.Qxe4 c5 15.d5 Bf6
16.Qc2 exd5 17.cxd5 Rcd8 18.Nd4 Rfe8 19.Nf5 Qb8 20.Bxf6 Nxf6 21.Qd2 Qe5 22.Ne3  1/2-1/2

[Event "zt3.3 Women"]
[Site "HeiBei CHN"]
[Date "2001.04.28"]
[Round "12"]
[White "Zhao Xue"]
[Black "Ruan Lufei"]
[Result "1/2-1/2"]
[WhiteElo "2428"]
[BlackElo "2199"]

1.Nf3 d5 2.g3 Nf6 3.Bg2 c6 4.O-O Bf5 5.d3 h6 6.c4 e6 7.Qb3 Qb6 8.Qxb6 axb6
9.Nc3 dxc4 10.dxc4 Nbd7 11.Rd1 Be7 12.Bf4 Bh7 13.h4 O-O 14.e4 Nc5 15.e5 Nfe4
16.Ne2 Na4 17.b3 Nac3 18.Nxc3 Nxc3 19.Rd7 Bc5 20.Bd2 Nxa2 21.Rxb7 Be4 22.Be3 Nb4
23.Rd1 Rfd8 24.Rbd7 Rxd7 25.Rxd7  1/2-1/2

[Event "Bundesliga 2000-1"]
[Site "Tegel GER"]
[Date "2001.04.28"]
[Round "14"]
[White "Pachow,J"]
[Black "Straeter,T"]
[Result "1/2-1/2"]
[WhiteElo "2297"]
[BlackElo "2305"]

1.Nf3 d5 2.g3 g6 3.Bg2 Bg7 4.O-O e5 5.d3 Ne7 6.e4 O-O 7.Nbd2 Nbc6 8.exd5 Nxd5
9.Re1 Re8 10.a3 Nb6 11.Ne4 h6 12.Rb1 a5 13.Bd2 a4 14.Qc1 Kh7 15.h4 f5 16.Nc5 Bf8
17.b4 axb3 18.cxb3 Nd7 19.Nxd7 Qxd7 20.b4 Qxd3 21.b5 Nd4 22.Nxd4 Qxd4 23.Qxc7+ Re7
24.Qc2 Re8 25.Qc7+ Re7 26.Qc2 Rf7 27.Bc3 Qc4 28.Rxe5 Rxa3 29.Bd5 Qc7 30.Bxf7 Rxc3
31.Bxg6+ Kxg6 32.Qe2 Bc5 33.h5+ Kf6 34.Re8 Rxg3+ 35.Kf1 Rg4 36.Qd2 Kf7 37.Rh8 Be6
38.Rc1 b6 39.Rxh6 Qh2 40.Rh7+ Kg8 41.Rh8+ Kxh8 42.Qh6+ Kg8 43.Qxe6+ Kh7 44.Qxf5+ Kh8
45.Qf6+ Rg7 46.Rxc5 Qg1+ 47.Ke2 Qg4+ 48.f3 Qg2+ 49.Kd3 bxc5 50.h6 Qf1+ 51.Kd2 Qf2+
52.Kd3 c4+ 53.Kxc4 Qc2+ 54.Kb4 Qb1+ 55.Kc4 Qc2+ 56.Kb4  1/2-1/2

[Event "TSGM"]
[Site "Belgrade YUG"]
[Date "2001.04.29"]
[Round "9"]
[White "Kallio,H"]
[Black "Narciso Dublan,M"]
[Result "1-0"]
[WhiteElo "2410"]
[BlackElo "2544"]

1.Nf3 d5 2.g3 Bg4 3.Bg2 Nd7 4.O-O e6 5.d3 Bc5 6.Nbd2 Ne7 7.b3 O-O 8.Bb2 a5
9.a3 Nc6 10.h3 Bh5 11.Qe1 Re8 12.e4 dxe4 13.dxe4 Qe7 14.Kh1 Red8 15.Ra2 f6
16.Bc1 h6 17.Bb2 Nde5 18.Nxe5 fxe5 19.Nf3 Nd4 20.Nxd4 exd4 21.e5 d3 22.cxd3 Rxd3
23.Bc3 Rf8 24.Bxa5 Rd1 25.Qc3 Rxf1+ 26.Bxf1 Bxf2 27.Bxc7 Bxg3 28.Bg2 Qh4
29.Bd6 Rf5 30.Qc4 Rf4 31.Qxe6+ Kh7 32.Be7 g5 33.Bf6 Rd4 34.Ra1 Rd2 35.Qe7+ Kg6
36.Qxb7 Rxg2 37.Qxg2 Qd4 38.Qc2+ Kf7 39.Qc4+ Qxc4 40.bxc4 Bf3+ 41.Kg1  1-0

[Event "Bank Pocztowy Open A"]
[Site "Bydgoszcz POL"]
[Date "2001.04.29"]
[Round "3"]
[White "Maslowski,J"]
[Black "Romanov,E"]
[Result "1/2-1/2"]
[WhiteElo "2051"]
[BlackElo "2172"]

1.Nf3 d5 2.g3 Nf6 3.Bg2 Bf5 4.O-O e6 5.d3 Be7 6.Nbd2 h6 7.Qe1 Bh7 8.e4 O-O
9.Qe2 c5 10.Ne5 Nbd7 11.Nxd7 Qxd7 12.Re1 Rad8 13.Nf3 dxe4 14.dxe4 Qa4 15.Ne5 Bd6
16.Nxf7 Rxf7 17.e5 Bxe5 18.Qxe5 Qxc2 19.Be3 b6 20.Qxe6 Bf5 21.Qe5 Ng4 22.Qc3 Qxc3
23.bxc3 Nxe3 24.Rxe3 Rfd7 25.Rae1 Rd2 26.a3 Rd1 27.Bf3 Rxe1+ 28.Rxe1 Rd3
29.Re3 Rxe3 30.fxe3 Kf7 31.Kf2 Kf6 32.Bc6  1/2-1/2

[Event "Bundesliga 2000-1"]
[Site "Luebeck GER"]
[Date "2001.04.29"]
[Round "15"]
[White "Hansen,LB"]
[Black "Meins,G"]
[Result "1/2-1/2"]
[WhiteElo "2580"]
[BlackElo "2424"]

1.Nf3 d5 2.g3 c6 3.Bg2 Bg4 4.O-O Nd7 5.d4 e6 6.Nbd2 Ngf6 7.Re1 Be7 8.e4 dxe4
9.Nxe4 Nxe4 10.Rxe4 Nf6 11.Re1 O-O 12.c3 Qb6 13.Qb3 Qxb3 14.axb3 Bxf3 15.Bxf3 Rfd8
16.b4 a6 17.Kg2 Rd7 18.Bd1 Rad8 19.Bc2 Nd5 20.Re2 g6 21.Bd2 Bf8 22.f4 h5
23.Kf3 Be7 24.Rg1 Kg7 25.Reg2 Bf6 26.h3 Rh8 27.Bb3 Ne7 28.Be1 Nf5 29.Rd2 Rdd8
30.Rgg2 Rd7 31.Rh2 Rdd8 32.g4 Nd6 33.Bg3 Be7 34.Rde2 hxg4+ 35.hxg4 Rxh2 36.Rxh2 Rh8
37.Rxh8  1/2-1/2

[Event "TCh-FRA"]
[Site "Montpellier FRA"]
[Date "2001.04.29"]
[Round "9"]
[White "Depyl,P"]
[Black "Boudre,JP"]
[Result "0-1"]
[WhiteElo "2172"]
[BlackElo "2355"]

1.Nf3 d5 2.g3 Bg4 3.Bg2 Nd7 4.O-O e6 5.d3 Bd6 6.Nbd2 Ne7 7.b3 O-O 8.Bb2 c5
9.c4 a5 10.Nb1 d4 11.Na3 e5 12.Nb5 Bb8 13.h3 Bh5 14.a3 Nc6 15.Bc1 h6 16.Bd2 f5
17.Ne1 Nf6 18.Nc2 e4 19.Bf4 Ne5 20.Bxe5 Bxe5 21.Qd2 Qb6 22.Rab1 Rae8 23.Kh2 Qd8
24.f4 exf3 25.exf3 f4 26.g4 Bg6 27.b4 h5 28.g5 Nd7 29.h4 Bb8 30.Kg1 b6 31.bxa5 bxa5
32.a4 Re3 33.Nxe3 fxe3 34.Qe2 Rf4 35.Na3 Rxh4 36.f4 Bxf4 37.Rxf4 Rxf4 38.Rb7 Qxg5
39.Rxd7 Rf2  0-1

[Event "TCh-FRA"]
[Site "Montpellier FRA"]
[Date "2001.04.29"]
[Round "9"]
[White "Carlier,B"]
[Black "Doornbos,Y"]
[Result "1-0"]
[WhiteElo "2392"]
[BlackElo "2359"]

1.Nf3 d5 2.g3 Bg4 3.Bg2 Nd7 4.d4 e6 5.O-O Ngf6 6.c4 c6 7.Qc2 Bd6 8.Nbd2 O-O
9.e4 Nxe4 10.Nxe4 Bf5 11.Nfd2 dxe4 12.Nxe4 Nf6 13.Nxf6+ Qxf6 14.Qc3 Rfd8
15.Be3 Rd7 16.b4 Rad8 17.Rac1 Qg6 18.Qb3 h5 19.Rfd1 h4 20.Rd2 Be7 21.Rcd1 h3
22.Bh1 Qh5 23.f3 Bh7 24.Kf2 Bf6 25.b5 c5 26.d5 exd5 27.cxd5 Be7 28.Qc4 b6
29.a4 Bd6 30.Re2 Bf8 31.Red2 Qe5 32.f4 Qf6 33.Re2 Bf5 34.Bf3 Qg6 35.Bc1 Bg4
36.Bb2 Qf5 37.Re5 Bxf3 38.Rxf5 Bxd1 39.Rg5 Rd6 40.Re5 f6 41.Re3 Bh5 42.f5 Rxd5
43.Bc3 Rd6 44.g4 Bf7 45.Qf4 Rd3 46.g5 fxg5 47.Qxg5 c4 48.Rxd3 cxd3 49.Ke1 Bb3
50.Kd2 Rd7 51.f6 Bc2 52.fxg7 Bxg7 53.Bxg7 Rxg7 54.Qd8+ Kf7 55.Qd7+ Kg6 56.Qe6+ Kg5
57.Qxh3 Rf7 58.Qg3+ Kh6 59.h4 Rg7 60.Qf3 Rg6 61.Kc3 Rg7 62.Kd2 Rg6 63.a5 bxa5
64.Qe3+ Kh5 65.Qxa7 Rg2+ 66.Ke3 Bb1 67.Qh7+ Kg4 68.Qe4+ Kg3  1-0

[Event "2nd ch-EUR Women"]
[Site "Warsaw POL"]
[Date "2001.04.29"]
[Round "7"]
[White "Tetenkina,I"]
[Black "Milligan,H"]
[Result "1-0"]
[WhiteElo "2221"]
[BlackElo "2124"]

1.Nf3 d5 2.g3 Nf6 3.Bg2 e6 4.O-O Be7 5.c4 O-O 6.d4 dxc4 7.Qa4 Bd7 8.Qxc4 Bc6
9.Nc3 Nbd7 10.Qd3 Re8 11.Rd1 Nb6 12.e4 Nbd7 13.Bf4 h6 14.h4 Nh5 15.Be3 b6
16.d5 exd5 17.exd5 Bb7 18.Nd4 Nhf6 19.Qc2 Bd6 20.Ncb5 Ne5 21.Nf5 Neg4 22.Bd4 Ba6
23.Nbxd6 cxd6 24.Qc6 Rc8 25.Qxd6 Rc2 26.Qxd8 Rxd8 27.f3 g6 28.fxg4  1-0

[Event "Bank Pocztowy Open A"]
[Site "Bydgoszcz POL"]
[Date "2001.04.30"]
[Round "4"]
[White "Markowski,T"]
[Black "Krainski,A"]
[Result "1-0"]
[WhiteElo "2592"]
[BlackElo "2272"]

1.g3 d5 2.Nf3 Nf6 3.Bg2 e6 4.O-O Be7 5.c4 O-O 6.d4 Nbd7 7.Qc2 c6 8.b3 b6
9.Bb2 Bb7 10.Nc3 Rc8 11.Rad1 Ba6 12.Nd2 b5 13.Rfe1 dxc4 14.bxc4 bxc4 15.e4 Qa5
16.d5 Ne5 17.dxe6 fxe6 18.Rf1 Nfg4 19.Ne2 Rxf2 20.Rxf2 Nxf2 21.Kxf2 Ng4+
22.Ke1 Qh5 23.Bf3 Rf8 24.Bd4 Bb4 25.Bxg4 Qxg4 26.Nc3 c5 27.Bg1 Rd8 28.a3 Ba5
29.Bxc5 Rd3 30.Qa4 Qh5 31.Qxa5 Re3+ 32.Kf2 Rxc3 33.Qd8+  1-0

[Event "7th"]
[Site "Cutro ITA"]
[Date "2001.04.30"]
[Round "9"]
[White "Pegorari,P"]
[Black "Borgo,G"]
[Result "0-1"]
[WhiteElo "2380"]
[BlackElo "2408"]

1.Nf3 d5 2.g3 g6 3.Bg2 Bg7 4.O-O Nc6 5.d3 Nf6 6.Nbd2 d4 7.Nc4 Nd5 8.Bd2 O-O
9.Qc1 Re8 10.Bg5 Be6 11.a4 Qd7 12.Re1 Nb6 13.Nxb6 axb6 14.Qd2 Bd5 15.Bh6 Bh8
16.h4 e5 17.Ng5 Bxg2 18.Kxg2 Ne7 19.Ne4 f5 20.Ng5 f4 21.Ne4 Nf5 22.Bg5 Qc6
23.g4 h6 24.Kh2 Kh7 25.gxf5 gxf5 26.Bxf4 exf4 27.Rg1 fxe4 28.Rg4 e3 29.Qb4 f3
30.Qb3 Qe6  0-1

[Event "54th ch-RUS"]
[Site "Elista RUS"]
[Date "2001.04.30"]
[Round "1"]
[White "Mantsinov,E"]
[Black "Diu,V"]
[Result "0-1"]
[WhiteElo "2167"]
[BlackElo "2445"]

1.Nf3 d5 2.g3 c5 3.Bg2 Nc6 4.c4 d4 5.O-O e5 6.d3 Nf6 7.Na3 Be7 8.Nc2 a5 9.Na3 O-O
10.Nb5 h6 11.Re1 Bf5 12.Bd2 Qd7 13.a3 Rad8 14.Qc1 Rfe8 15.b3 e4 16.dxe4 Nxe4
17.Bf4 g5 18.Bc7 Ra8 19.g4 Bxg4 20.Ne5 Nxe5 21.Bxe4 Bd8 22.Bxd8 Raxd8 23.Qc2 Kg7
24.Rad1 Bh3 25.f3 Qe7 26.e3 dxe3 27.Rxd8 Rxd8 28.Rxe3 Qf6 29.Nc3 Qf4 30.Qf2 Rd4
31.Bc2 Rd2 32.Re2 Nxf3+ 33.Kh1 Rd4 34.Re3 Rd2 35.Re2 Rd4 36.Re3 g4 37.Nd5 Qg5
38.b4 Rd2 39.Re2 Rxd5  0-1

[Event "TCh-FRA"]
[Site "Montpellier FRA"]
[Date "2001.04.30"]
[Round "10"]
[White "Relange,E"]
[Black "Apicella,M"]
[Result "1-0"]
[WhiteElo "2484"]
[BlackElo "2508"]

1.Nf3 d5 2.g3 e6 3.c4 d4 4.Bg2 c5 5.O-O Nc6 6.d3 Nf6 7.e3 Bd6 8.exd4 cxd4
9.Na3 O-O 10.Nc2 e5 11.b4 Nxb4 12.Nxb4 Bxb4 13.Nxe5 Qa5 14.Rb1 Bc3 15.Bf4 Qxa2
16.Bxb7 Bxb7 17.Rxb7 Qa6 18.Qf3 Qe6 19.Rxf7 Rxf7 20.Nxf7 Rf8 21.Ng5 Qf5 22.Qc6 a5
23.Rb1 h6 24.Ne4 Nxe4 25.dxe4 Qf6 26.Qd5+ Kh7 27.Rb7 a4 28.Ra7 Rd8 29.Be5 Rxd5
30.Bxf6 Rd6 31.e5 d3 32.exd6 d2 33.Rxg7+ Kh8 34.Bxc3 d1=Q+ 35.Kg2 Qd3 36.Re7+  1-0

[Event "TCh-FRA"]
[Site "Montpellier FRA"]
[Date "2001.04.30"]
[Round "10"]
[White "Anic,D"]
[Black "Bonnet,E1"]
[Result "1-0"]
[WhiteElo "2469"]
[BlackElo "2182"]

1.Nf3 d5 2.g3 Bg4 3.Bg2 c6 4.b3 Nd7 5.Bb2 Ngf6 6.d3 e6 7.Nbd2 Bd6 8.h3 Bh5
9.O-O O-O 10.e4 e5 11.Qc1 Re8 12.Re1 Qb6 13.a3 Rad8 14.b4 a5 15.c3 Bg6 16.Nh4 Nf8
17.Qc2 Bb8 18.Nb3 axb4 19.cxb4 dxe4 20.dxe4 Ne6 21.Nxg6 hxg6 22.Bf1 g5 23.Kg2 g4
24.hxg4 Nxg4 25.Bc4 Ba7 26.Re2 Nd4 27.Bxd4 exd4 28.Nc5 Qc7 29.Nd3 Ne5 30.Rh1 Qe7
31.Rh4 Rd6 32.Re1 Ng6 33.Rh5 Rdd8 34.e5 Bb8 35.Qd1 b5 36.Bb3 Nf8 37.Qg4 g6
38.Reh1 Kg7 39.Rf5 Ne6 40.Nf4 d3 41.Nxe6+ fxe6 42.Rf6  1-0

[Event "Ivan Cvitanovic Mem"]
[Site "Split CRO"]
[Date "2001.04.30"]
[Round "3"]
[White "Dimitrov,V"]
[Black "Bukal,V jr"]
[Result "1/2-1/2"]
[WhiteElo "2512"]
[BlackElo "2392"]

1.g3 d5 2.Nf3 Bg4 3.Bg2 Nd7 4.h3 Bh5 5.O-O Ngf6 6.d3 e6 7.Qe1 Be7 8.Nbd2 O-O
9.e4 dxe4 10.dxe4 e5 11.Nh4 Re8 12.Nf5 Bf8 13.b3 a5 14.a4 c6 15.Nc4 Qc7 16.Kh1 b5
17.Nce3 b4 18.f3 Nb6 19.Rf2 Nfd7 20.Bb2 f6 21.Rd1 Rad8 22.Rfd2 Nc5 23.Ng4 Ne6
24.Bf1 c5 25.Bb5 Rxd2 26.Rxd2 Rd8 27.Rxd8 Qxd8 28.Nfe3 Nd4 29.Bxd4 cxd4 30.Nc4 Nc8
31.Qe2 Bf7 32.Ba6 Na7 33.Nb2 Nc8 34.Bc4 Nd6 35.Bxf7+ Kxf7 36.Nc4 Qc7 37.Nxd6+ Bxd6
38.Nf2 Qc3 39.Nd3 g6 40.Kg2 Be7 41.Nf2 Kg7 42.Qd3 Qc8 43.Nd1 h5 44.g4 h4
45.Kf2 f5 46.Nb2 fxg4 47.fxg4 Bg5 48.Kg2 Qb7 49.Nc4 Qc7 50.Qf3 Kg8 51.Kf1 Kg7
52.Ke2 Qc5 53.Qf2 Qc7 54.Kd1 Qc5 55.Qf1 Qc7 56.Qf3 Qc5 57.Nb2 Qc7 58.Nd3 Qc3
59.Qg2  1/2-1/2

[Event "2nd ch-EUR Women"]
[Site "Warsaw POL"]
[Date "2001.04.30"]
[Round "8"]
[White "Hagesaether,E"]
[Black "Ciuksyte,Z"]
[Result "1-0"]
[WhiteElo "2093"]
[BlackElo "2150"]

1.Nf3 d5 2.g3 g6 3.Bg2 Bg7 4.d3 e5 5.O-O Ne7 6.e4 O-O 7.c3 h6 8.b4 Be6 9.Nbd2 Nd7
10.Bb2 dxe4 11.dxe4 Nb6 12.Qc2 Nc6 13.a4 Qc8 14.Rfd1 Rd8 15.Bf1 Nd7 16.Ba3 Ne7
17.b5 c5 18.Bc4 Bg4 19.Qb3 Rf8 20.a5 a6 21.bxa6 bxa6 22.Qa4 Nf6 23.Re1 Bd7
24.Qc2 Ne8 25.Qd3 Ba4 26.Qe3 Bb5 27.Bxb5 axb5 28.Qxc5 Qxc5 29.Bxc5 Nc6 30.Nb3 Nc7
31.Bxf8 Kxf8 32.Red1 Ke7 33.Nc5 Na6 34.Rd5 Nxc5 35.Rxc5 Rxa5 36.Rxa5 Nxa5
37.Nxe5 Nb3 38.Rxb5 Nd2 39.Rb7+ Ke6 40.Nxf7 Bxc3 41.Nxh6 Nxe4 42.Rb6+ Nd6
43.Nf7 Kxf7 44.Rxd6 Be5 45.Ra6 g5 46.Kg2 Bf6 47.Kf3 Bd4 48.h3 Kg7 49.Rd6 Be5
50.Rd5 Bf6 51.Kg4  1-0

[Event "2nd ch-EUR Women"]
[Site "Warsaw POL"]
[Date "2001.05.01"]
[Round "9"]
[White "Berend,E"]
[Black "Matras,A"]
[Result "1-0"]
[WhiteElo "2312"]
[BlackElo "2220"]

1.Nf3 d5 2.g3 Nf6 3.Bg2 g6 4.b3 Bg7 5.Bb2 O-O 6.c4 e6 7.O-O Nbd7 8.d3 c6
9.Nbd2 Qe7 10.Rc1 Rd8 11.Qc2 e5 12.cxd5 Nxd5 13.a3 N7b6 14.Rcd1 Re8 15.e4 Nc7
16.d4 exd4 17.Nxd4 Bg4 18.f3 Be6 19.f4 Bg4 20.Rde1 Rad8 21.e5 Ne6 22.Nxe6 Qxe6
23.Ne4 Bf5 24.Qc3 Nd5 25.Qf3 Bg4 26.Qf2 Nb6 27.h3 Bf5 28.Nc5 Qc8 29.g4 Bd3
30.Nxd3 Rxd3 31.f5 Qd7 32.e6 Qc7 33.exf7+ Qxf7 34.Rxe8+ Qxe8 35.f6  1-0

[Event "54th ch-RUS"]
[Site "Elista RUS"]
[Date "2001.05.03"]
[Round "4"]
[White "Loginov,Va"]
[Black "Poddubnyi,V"]
[Result "1-0"]
[WhiteElo "2499"]
[BlackElo "2240"]

1.Nf3 d5 2.g3 c6 3.Bg2 Nf6 4.O-O Bg4 5.c4 e6 6.d3 Nbd7 7.cxd5 exd5 8.Nc3 Be7
9.Qc2 O-O 10.e4 Nc5 11.Ne5 Bh5 12.exd5 Nxd5 13.Nxd5 cxd5 14.d4 Ne6 15.Be3 Bf6
16.Qf5 Be2 17.Rfe1 g6 18.Qc2 Bb5 19.Rac1 Qd6 20.Qb3 Bc6 21.Nxc6 bxc6 22.Qa4 Rfc8
23.Rc2 a5 24.a3 c5 25.dxc5 Nxc5 26.Qg4 Ne6 27.Rd2 Rab8 28.Rxd5 Qf8 29.Rxa5 Bxb2
30.Bd2 Bxa3 31.Rxe6 Bb4 32.Ra7 Bxd2 33.Bd5 Rd8  1-0

[Event "3rd Julian Borowski B"]
[Site "Essen GER"]
[Date "2001.05.03"]
[Round "2"]
[White "Appel,R"]
[Black "Siebrecht,S"]
[Result "1-0"]
[WhiteElo "2481"]
[BlackElo "2393"]

1.Nf3 d5 2.g3 g6 3.Bg2 Bg7 4.O-O c5 5.d3 Nc6 6.Nbd2 e5 7.e4 Nge7 8.exd5 Nxd5
9.Re1 O-O 10.Nc4 Re8 11.Ng5 Bf8 12.c3 h6 13.Ne4 Be6 14.Ne3 Rc8 15.Qf3 Kg7
16.Nxc5 Bxc5 17.Nxd5 f5 18.Be3 Bxe3 19.Rxe3 Qd6 20.a3 Rcd8 21.Nb4 e4 22.dxe4 Ne5
23.Qe2 Bc4 24.Qc2 a5 25.Nd5 fxe4 26.Qxe4 Bxd5 27.Qxd5 Qxd5 28.Bxd5 Rxd5 29.f4 Nf3+
30.Rxf3 Re2 31.Rf2 Rdd2 32.Rxe2 Rxe2 33.b4 a4 34.c4 Kf6 35.c5 Kf5 36.Rd1 Ke4
37.Rd7 Ra2 38.Kf1 Rxa3 39.Rxb7 Ra2 40.c6 a3 41.Ra7 Kf3 42.Ke1 Ke3 43.Kd1 Kd3
44.Rd7+ Ke3 45.c7 Ra1+ 46.Kc2 a2 47.Rd3+ Ke4 48.Ra3  1-0

[Event "2nd ch-EUR Women"]
[Site "Warsaw POL"]
[Date "2001.05.03"]
[Round "11"]
[White "Foisor,C"]
[Black "Bojkovic,N"]
[Result "1/2-1/2"]
[WhiteElo "2408"]
[BlackElo "2447"]

1.Nf3 d5 2.g3 Nf6 3.Bg2 e6 4.O-O Be7 5.d4 O-O 6.c4 dxc4 7.Qc2 a6 8.a4 Bd7
9.Qxc4 Bc6 10.Bg5 Bd5 11.Qc2 Be4 12.Qc4 Bd5 13.Qc2  1/2-1/2

[Event "2nd ch-EUR Women"]
[Site "Warsaw POL"]
[Date "2001.05.03"]
[Round "11"]
[White "Tetenkina,I"]
[Black "Hlgatian,G"]
[Result "0-1"]
[WhiteElo "2221"]
[BlackElo "2258"]

1.Nf3 d5 2.g3 c6 3.Bg2 Bf5 4.b3 e6 5.Bb2 Nf6 6.d3 h6 7.Nbd2 Be7 8.O-O O-O
9.Qe1 Bh7 10.e4 a5 11.a3 c5 12.e5 Ne8 13.Qe2 Nc6 14.Ne1 Nc7 15.f4 b5 16.g4 f5
17.exf6 Bxf6 18.c3 a4 19.Qe3 Qd6 20.g5 hxg5 21.fxg5 Be5 22.Nef3 Bf4 23.Qe2 axb3
24.Nxb3 c4 25.dxc4 bxc4 26.Nc1 Na5 27.a4 Bd3 28.Nxd3 cxd3 29.Qf2 Bxh2+ 30.Kh1 Bg3
31.Ba3 Qf4 32.Qd4 Nb3 33.Qxd3 Nxa1 34.Bxf8 Rxf8 35.Rxa1 e5 36.Qg6 e4 37.Ng1 Qh4+
38.Nh3 Be5 39.Kg1 Qg3 40.Nf4 Bxf4 41.Qh5 Be3+ 42.Kh1 Rf4  0-1

[Event "Bank Pocztowy Open A"]
[Site "Bydgoszcz POL"]
[Date "2001.05.04"]
[Round "7"]
[White "Markowski,T"]
[Black "Klovans,J"]
[Result "1/2-1/2"]
[WhiteElo "2592"]
[BlackElo "2490"]

1.g3 d5 2.Nf3 Bg4 3.Bg2 c6 4.d3 Nf6 5.O-O e6 6.c4 dxc4 7.dxc4 Qxd1 8.Rxd1 Nbd7
9.Nc3 Bb4 10.Bd2 Bxf3 11.exf3 Ne5 12.Ne4 Be7 13.b3 Nxe4 14.fxe4 O-O-O 15.Be3 b6
16.h3 Nd3 17.f4 Nb4 18.Kf2 Kc7 19.e5 a5 20.Rxd8 Rxd8 21.Be4 f5 22.exf6 Bxf6
23.Rh1 h6 24.a3 Nd3+ 25.Ke2 Nc5 26.Bc2 Bd4 27.Bd2 Nd7 28.Bc1 c5 29.g4 Nb8
30.Rd1 Nc6 31.Kf3 Rf8 32.Ke4 Ne7 33.Rd3 Nc8 34.Rg3 Nd6+ 35.Kd3 Rd8 36.Ke2 a4
37.bxa4 Nxc4 38.Bb3 Nd6 39.Bxe6 Re8 40.f5 Ne4 41.Rb3 Ng5 42.a5 bxa5 43.Bf4+ Kc6
44.Bxg5 hxg5 45.a4 Rh8 46.Bc4 Kd6 47.Rb6+ Ke5 48.Rb3 Ke4 49.Rd3 Rb8 50.Rb3 Rb4
51.Rxb4 axb4  1/2-1/2

[Event "Bank Pocztowy Open A"]
[Site "Bydgoszcz POL"]
[Date "2001.05.05"]
[Round "8"]
[White "Brodsky,M"]
[Black "Ulibin,M"]
[Result "1/2-1/2"]
[WhiteElo "2529"]
[BlackElo "2580"]

1.Nf3 d5 2.g3 c5 3.Bg2 Nc6 4.d4 Nf6 5.O-O e6 6.c4 dxc4 7.Ne5 Bd7 8.Na3 cxd4
9.Naxc4 Nxe5 10.Nxe5 Qb6 11.b4 Rd8 12.a3 Be7 13.Bb2 Qa6 14.Bxd4 O-O 15.e3 Bb5
16.Re1 Bd6 17.a4 Bxe5 18.axb5 Qd6 19.Bxe5 Qxe5 20.Qe2 Qb8 21.Ra4 Nd5 22.Qb2 Nb6
23.Raa1 Rd7 24.Qa2  1/2-1/2

[Event "54th ch-RUS"]
[Site "Elista RUS"]
[Date "2001.05.06"]
[Round "6"]
[White "Turov,M"]
[Black "Galkin,A"]
[Result "1/2-1/2"]
[WhiteElo "2553"]
[BlackElo "2584"]

1.Nf3 d5 2.g3 g6 3.Bg2 Bg7 4.d4 c6 5.O-O Nf6 6.c4 O-O 7.cxd5 cxd5 8.Ne5 Ng4
9.f4 Nxe5 10.fxe5 Nc6 11.Nc3 Be6 12.Kh1 Qd7 13.Qa4 Bh3 14.Bxh3 Qxh3 15.Bf4 Rad8
16.Rad1 f6 17.e6 Qxe6  1/2-1/2

[Event "Golden Cleopatra Open"]
[Site "Cairo EGY"]
[Date "2001.05.07"]
[Round "6"]
[White "Radulov,I"]
[Black "Sulava,N"]
[Result "1/2-1/2"]
[WhiteElo "2390"]
[BlackElo "2526"]

1.Nf3 d5 2.g3 Nc6 3.d4 Bg4 4.Bg2 Qd7 5.c4 e6 6.O-O dxc4 7.Qa4 Nf6 8.Qxc4 Bd6
9.Nc3 O-O 10.Bg5 Nd5  1/2-1/2

[Event "FSIMA May"]
[Site "Budapest HUN"]
[Date "2001.05.09"]
[Round "5"]
[White "Xu Hanbing"]
[Black "Galyas,M"]
[Result "1/2-1/2"]
[WhiteElo "2235"]
[BlackElo "2371"]

1.Nf3 d5 2.g3 c6 3.Bg2 Bg4 4.O-O Nd7 5.d3 Ngf6 6.Nbd2 e5 7.e4 dxe4 8.dxe4 Bc5
9.h3 Bxf3 10.Qxf3 Qe7 11.Nc4 O-O 12.Ne3 Qe6 13.Nf5 Rfd8 14.Bg5 Bf8 15.Rfd1 h6
16.Be3 Nc5 17.Bxc5 Bxc5 18.b3 g6 19.Nxh6+ Kg7 20.Ng4 Nxg4 21.Qxg4 Qxg4 22.hxg4 Bb6
23.Bf1 Rxd1 24.Rxd1 Rd8 25.Bd3 g5 26.Kg2 f6 27.Rh1 Rh8 28.Rh5 Rh6 29.Bc4 Rh8
30.Kf3 Rd8 31.Ke2 Bc5 32.Bd3 Bb4 33.f4 Be7 34.Kf3 Rd7 35.Rh1  1/2-1/2

[Event "Golden Cleopatra Open"]
[Site "Cairo EGY"]
[Date "2001.05.09"]
[Round "8"]
[White "Roeder,M"]
[Black "Sulava,N"]
[Result "0-1"]
[WhiteElo "2459"]
[BlackElo "2526"]

1.Nf3 d5 2.g3 c6 3.Bg2 Bg4 4.b3 Nd7 5.Bb2 e6 6.c4 h5 7.Qc2 Ne7 8.d3 Ng6 9.h3 Bxf3
10.exf3 h4 11.f4 Qb6 12.d4 Ne7 13.Nd2 hxg3 14.fxg3 Nf5 15.Qd3 Bb4 16.O-O-O Qa6
17.Kc2 O-O-O 18.Nf1 dxc4 19.Qxc4 Qa5 20.a3 Be7 21.b4 Qc7 22.Qb3 Nb6 23.Be4 Nd6
24.Nd2 Bf6 25.Kb1 Rd7 26.Bc2 Rhd8 27.Nf3 Ndc4 28.Ba1 a5 29.Rhe1 axb4 30.axb4 Nd6
31.Ne5 Bxe5 32.dxe5 Nb5 33.Rxd7 Rxd7 34.f5 Nd5 35.f6 g6 36.h4 Qb6 37.g4 Nd4
38.Bxd4 Qxd4 39.h5 gxh5 40.g5 Nc3+ 41.Ka1 b5 42.g6 Ra7+ 43.Kb2 Ne2+  0-1

[Event "54th ch-RUS"]
[Site "Elista RUS"]
[Date "2001.05.09"]
[Round "9"]
[White "Makarov,M"]
[Black "Pridorozhni,A"]
[Result "1-0"]
[WhiteElo "2511"]
[BlackElo "2352"]

1.Nf3 d5 2.g3 c6 3.Bg2 Bg4 4.c4 e6 5.O-O Nd7 6.d3 Ngf6 7.cxd5 exd5 8.Nc3 Be7
9.e4 O-O 10.h3 Bh5 11.Qc2 Nc5 12.Nh4 d4 13.Nb1 Nfd7 14.Nf5 Bg6 15.Nxe7+ Qxe7
16.b4 Ne6 17.f4 f5 18.exf5 Bxf5 19.g4 Bxd3 20.Qxd3 Qxb4 21.Ba3  1-0

[Event "54th ch-RUS"]
[Site "Elista RUS"]
[Date "2001.05.09"]
[Round "9"]
[White "Mantsinov,E"]
[Black "Feoktistov,A"]
[Result "0-1"]
[WhiteElo "2167"]
[BlackElo "2375"]

1.Nf3 d5 2.g3 g6 3.Bg2 Bg7 4.c4 c6 5.Na3 e5 6.O-O Ne7 7.d3 O-O 8.cxd5 cxd5
9.e4 Nbc6 10.Bd2 h6 11.h3 Be6 12.Kh2 Qb6 13.Qb1 Rfd8 14.Be3 Qa6 15.Rd1 Nb4
16.Bc5 Nec6 17.Bf1 Qa5 18.Be3 Rac8 19.Nd2 d4 20.Ndc4 Qa4 21.Bd2  0-1

[Event "Bundesliga 2001-2"]
[Site "Erfurt GER"]
[Date "2001.05.10"]
[Round "5"]
[White "Markowski,T"]
[Black "Haba,P"]
[Result "1/2-1/2"]
[WhiteElo "2550"]
[BlackElo "2499"]

1.g3 d5 2.Nf3 Nf6 3.Bg2 c6 4.O-O Bf5 5.d3 e6 6.Nbd2 h6 7.Qe1 Be7 8.e4 Bh7
9.Ne5 Nbd7 10.Nxd7 Nxd7 11.f4 O-O 12.Kh1 Re8 13.g4 a5 14.a4 dxe4 15.Nxe4 f5
16.Ng3 Bc5 17.Qd1 Nf6 18.g5 Ng4 19.Qf3 hxg5 20.fxg5 Ne5 21.Qf4  1/2-1/2

[Event "XXXVI Capablanca Mem Elite"]
[Site "Havana CUB"]
[Date "2001.05.12"]
[Round "7"]
[White "Arencibia,W"]
[Black "Luther,T"]
[Result "1-0"]
[WhiteElo "2543"]
[BlackElo "2568"]

1.Nf3 d5 2.g3 c6 3.Bg2 Bg4 4.c4 e6 5.Ne5 Bf5 6.Qb3 Qb6 7.d3 Nf6 8.Nd2 Qxb3
9.Nxb3 Nbd7 10.Nxd7 Nxd7 11.cxd5 cxd5 12.Bd2 Bg4 13.f4 Bh5 14.Rc1 Bd6 15.e4 dxe4
16.Bxe4 Rb8 17.Bxb7 O-O 18.Bg2 Rfc8 19.Rxc8+ Rxc8 20.Bc3 Bg6 21.Kd2 e5 22.Rf1 exf4
23.gxf4 Kf8 24.Nd4 Nc5 25.f5 Bh5 26.h3 Be7 27.Bf3 Bxf3 28.Nxf3 Na4 29.Ne5 f6
30.Nc4 Rd8 31.Rf4 Rd5 32.Ne3 Nxc3 33.bxc3 Ra5 34.a4 g5 35.Rc4 Bd6 36.Rc6 Bf4
37.Rxf6+ Kg7 38.Re6 Rxa4 39.Ke2 Ra2+ 40.Kf3 Rh2 41.Ke4 Rxh3 42.Nd5 Bb8 43.f6+ Kf8
44.Re7 g4 45.Rb7 Bh2 46.Rg7 a5 47.Nb6 Bd6 48.Nd7+  1-0